U.S. States with the Lowest Diabetes Rate - Statistics

General Stats
  • This quiz has been taken 167 times
  • The average score is 8 of 10
Answer Stats
Rate % State % Correct
6.6 Colorado
90%
8.1 Montana
84%
8.6 North Dakota
82%
7.2 Utah
82%
7.9 South Dakota
79%
8.3 Wyoming
77%
7.5 Alaska
74%
8.4 Minnesota
74%
8.8 Nebraska
71%
8.4 Vermont
68%
No matching quizzes found
Score Distribution
Percent of People with Each Score
Percentile by Number Answered
Your Score History
You have not taken this quiz